000
00337nam a22001457a 4500
005
20240130121912.0
008
240130b |||||||| |||| 00| 0 eng d
020
_a
81-7224-863-6
041
_a
eng
100
_a
TIMPE, A. DALE
_9
1998
245
_a
CREATIVITY
260
_a
MUMBAI
_b
JAICO PUBLISHING HOUSE
300
_a
383;P
942
_c
BK
999
_c
8506
_d
8504